[Event "BLR-ch sf"]
[Site "Minsk"]
[Date "2023.12.12"]
[Round "6"]
[White "Stsiapanou, Maksim"]
[Black "Zhylchyk, Mark"]
[Result "1-0"]
[WhiteElo "1151"]
[BlackElo "1145"]
[PlyCount "65"]
[EventDate "2023.12.07"]
[EventType "swiss"]
[EventRounds "9"]
[EventCountry "BLR"]
[SourceTitle "CB51_2023"]
[SourceDate "2023.12.20"]
[SourceVersion "1"]
[SourceVersionDate "2023.12.20"]
[SourceQuality "1"]

1. e4 c5 2. Nf3 d6 3. d4 cxd4 4. Nxd4 Nf6 5. Nc3 a6 6. Bc4 e6 7. f3 b5 8. Bb3 Be7 9. Be3 0-0 10. Qd2 e5 11. Nf5 Bxf5 12. exf5 Nbd7 13. Ne4 Nxe4 14. fxe4 Nf6 15. Bd5 Nxd5 16. exd5 Re8 17. 0-0-0 h6 18. Kb1 Bg5 19. h4 Bxe3 20. Qxe3 f6 21. g4 Kf7 22. Qf3 Qe7 23. g5 Rh8 24. gxf6 Qxf6 25. Rdg1 Ke7 26. Rg6 Qf7 27. Rhg1 Rhg8 28. Re6+ Kd7 29. Qa3 Qf8 30. Rgg6 Kc7 31. Qc3+ Kb8 32. Rxd6 Qxf5 33. Rb6+ 1-0

[Event "BLR-ch sf"]
[Site "Minsk"]
[Date "2023.12.09"]
[Round "3"]
[White "Elyashevich, Zakhar"]
[Black "Stsiapanou, Maksim"]
[Result "1-0"]
[WhiteElo "1299"]
[BlackElo "1151"]
[PlyCount "73"]
[EventDate "2023.12.07"]
[EventType "swiss"]
[EventRounds "9"]
[EventCountry "BLR"]
[SourceTitle "CB51_2023"]
[SourceDate "2023.12.20"]
[SourceVersion "1"]
[SourceVersionDate "2023.12.20"]
[SourceQuality "1"]

1. e4 e5 2. Nf3 Nc6 3. Bc4 Nf6 4. Ng5 d5 5. exd5 Na5 6. Bb5+ c6 7. dxc6 bxc6 8. Qf3 Be7 9. b4 Bd7 10. Bd3 Bxb4 11. Bb2 Bd6 12. Nc3 0-0 13. Nce4 Nxe4 14. Nxe4 Bc7 15. Qh5 f5 16. Nc5 Be8 17. Qh3 Qe7 18. Nb3 e4 19. Be2 Nxb3 20. axb3 c5 21. Qc3 a5 22. Bc4+ Kh8 23. 0-0-0 a4 24. bxa4 Bxa4 25. d3 Bf4+ 26. Kb1 Rfb8 27. Bb3 Bxb3 28. cxb3 exd3 29. Rhe1 Qa7 30. Rxd3 Bg5 31. Rg3 Bf6 32. Qxf6 Rb7 33. Rxg7 Rxg7 34. Re7 Qa2+ 35. Kc1 Rag8 36. Qxg7+ Rxg7 37. Re8# 1-0